Statistics for 山西省地图 Shanxi Map Quiz

Click here to take the quiz!

General Stats

  • This quiz has been taken 1 641 times
  • The average score is 9 of 11

Answers on the Map

Answers color-coded by a green-red scale on the quiz's map according to % correct below.
 

Answer Stats

区划% Correct
太原市
99%
大同市
96%
晋城市
83%
晋中市
81%
运城市
81%
临汾市
73%
忻州市
73%
长治市
70%
吕梁市
69%
朔州市
67%
阳泉市
65%

Score Distribution

Percentile by Number Answered

Percent of People with Each Score

Your Score History

You have not taken this quiz